Statystyki dla Mistrzowie TOP 10 lig piłkarskich w Europie - Sezon 2022/23

Kliknij tutaj aby rozwiązać quiz!

Ogólne statystyki

  • Ten quiz został rozwiązany 105 razy
  • Średni wynik to 9 z 10

Statystyki odpowiedzi

LigaKlub% Poprawnych
La LigaFC Barcelona
100%
BundesligaBayern Monachium
99%
Premier LeagueManchester City
99%
Ligue 1PSG
99%
Serie ANapoli
96%
Liga PortugalBenfica
94%
Premiership(Szkocja)Celtic
85%
EredivisieFeyenoord
78%
Bundesliga(Austria)Red Bull Salzburg
66%
Pro League(Belgia)Royal Antwerp
49%

Rozkład punktacji

Percentyl według liczby udzielonych odpowiedzi

Procent ludzi z każdym wynikiem

Twoja historia wyników

Nie rozwiązałeś tego quizu